Ekonomika a organizácia služieb v agrokomplexe

Guardado en:
Detalles Bibliográficos
Autor principal: Tršťanská, Alena
Autor Corporativo: Vysoká škola ekonomická v Bratislave. Fakulta ekonomiky a riadenia výrobných odvetví
Formato: Libro
Lenguaje:eslovaco
Publicado: Bratislava Vysoká škola ekonomická 1982
Etiquetas: Agregar Etiqueta
Sin Etiquetas, Sea el primero en etiquetar este registro!

MARC

LEADER 00000nam a2200000 4500
001 c128739
005 20230116100449.6
041 0 |a slo 
044 |a SK 
245 1 0 |a Ekonomika a organizácia služieb v agrokomplexe  |c Alena Tršťanská a kol. 
264 1 |a Bratislava  |b Vysoká škola ekonomická  |c 1982 
300 |a 306 s. 
100 1 |a Tršťanská, Alena 
710 2 |a Vysoká škola ekonomická v Bratislave. Fakulta ekonomiky a riadenia výrobných odvetví